000 00331nam a2200145Ia 4500
008 221030s9999 xx 000 0 und d
041 _aEnglish
082 _a105.23
_bKee
100 _aM. Keegon
245 0 _aProgramming in C++
260 _bMaruti Prakashan
_aMeerut
_c2004
300 _a388
650 _aComputers
942 _cBK
999 _c8715
_d8715